[Event "Basel Hilton op 14th"]
[Site "Basel"]
[Date "2012.01.03"]
[Round "4"]
[White "Borda, Alan"]
[Black "Kolbus, Dietmar"]
[Result "1/2-1/2"]
[WhiteElo "2145"]
[BlackElo "2325"]
[PlyCount "104"]
[EventDate "2012.01.01"]
[EventType "swiss"]
[EventRounds "7"]
[EventCountry "SUI"]
[SourceTitle "CBM 146 Extra"]
[Source "ChessBase"]
[SourceDate "2012.02.29"]
[SourceVersion "1"]
[SourceVersionDate "2012.02.29"]
[SourceQuality "1"]

1. d4 f5 2. Nf3 Nf6 3. g3 g6 4. Bg2 Bg7 5. 0-0 0-0 6. b3 d6 7. e3 c6 8. Bb2 Na6 9. c4 Ne4 10. Qe2 e6 11. Nfd2 Nxd2 12. Qxd2 e5 13. dxe5 dxe5 14. Rd1 Be6 15. Na3 Qxd2 16. Rxd2 Rfd8 17. Rad1 Rxd2 18. Rxd2 e4 19. Bxg7 Kxg7 20. Nb1 Kf6 21. Kf1 Nc5 22. Kg1 a5 23. Bf1 Ke7 24. Be2 Ra6 25. Kf1 Rb6 26. Rb2 Nd7 27. Nc3 Ra6 28. Ke1 Ra8 29. Rb1 Ne5 30. Na4 Nd7 31. Kd2 Rb8 32. Nc3 Nc5 33. Kc2 g5 34. Rh1 f4 35. exf4 gxf4 36. Re1 f3 37. Bf1 Kf6 38. Nd1 b5 39. cxb5 cxb5 40. Ne3 Ke5 41. Rd1 a4 42. bxa4 Bxa2 43. Kb2 Nxa4+ 44. Kxa2 Nc3+ 45. Kb3 Nxd1 46. Nxd1 b4 47. Ne3 Kd4 48. h4 Rb7 49. Kb2 Rb8 50. Kb3 Rb7 51. Kb2 Rb8 52. Kb3 Rb7 1/2-1/2

[Event "Rio de Janeiro zt 2.4"]
[Site "Rio de Janeiro"]
[Date "2011.06.23"]
[Round "6"]
[White "Borda, Alan"]
[Black "Cavalcanti, Francisco de Assis"]
[Result "0-1"]
[WhiteElo "2151"]
[BlackElo "2284"]
[PlyCount "162"]
[EventDate "2011.06.18"]
[EventType "swiss"]
[EventRounds "9"]
[EventCountry "BRA"]
[SourceTitle "CBM 143 Extra"]
[Source "ChessBase"]
[SourceDate "2011.08.29"]
[SourceVersion "1"]
[SourceVersionDate "2011.08.29"]
[SourceQuality "1"]

1. d4 Nf6 2. Bg5 e6 3. c4 h6 4. Bxf6 Bb4+ 5. Nc3 Qxf6 6. Nf3 Bxc3+ 7. bxc3 d6 8. e3 0-0 9. Bd3 e5 10. h3 Re8 11. Qc2 Nc6 12. d5 Ne7 13. Nd2 Bf5 14. Bxf5 Nxf5 15. 0-0 Qg6 16. Qe4 Ne7 17. Qxg6 Nxg6 18. e4 Nf4 19. Rfe1 Nd3 20. Re2 a5 21. Nf1 Nc5 22. f3 g6 23. Ne3 Kg7 24. g4 Rh8 25. Rb1 h5 26. Rbb2 b6 27. Rh2 a4 28. a3 Nd3 29. Rbd2 Nc5 30. Rb2 Nb3 31. Kh1 Ra5 32. Kg1 Raa8 33. Kh1 Ra7 34. Kg1 Raa8 35. Nf1 Kf6 36. Kg2 hxg4 37. hxg4 Rxh2+ 38. Nxh2 Kg5 39. Kg3 f5 40. exf5 gxf5 41. gxf5 Kxf5 42. Re2 Rg8+ 43. Ng4 Nc5 44. Rh2 Rg7 45. Rh6 Kg5 46. Rh8 Nd3 47. Ra8 Nc5 48. Rh8 Kg6 49. Ra8 Kf7 50. Rc8 Kg6 51. Ra8 Re7 52. Nf2 Rg7 53. Ng4 Rf7 54. Rg8+ Kh7 55. Ra8 e4 56. fxe4 Nxe4+ 57. Kg2 Nxc3 58. Kg3 Ne4+ 59. Kg2 Nc5 60. Kg3 Kg7 61. Ne3 Kf6 62. Re8 Re7 63. Rxe7 Kxe7 64. Nc2 Nd3 65. Ne3 Kf6 66. Kf3 Ke5 67. Ke2 Nc5 68. Nc2 Ke4 69. Kd2 b5 70. Kc3 bxc4 71. Kxc4 Nd7 72. Nb4 Nb6+ 73. Kb5 Nxd5 74. Kxa4 Nxb4 75. Kxb4 Kd3 76. a4 c5+ 77. Kb5 c4 78. a5 c3 79. a6 c2 80. a7 c1Q 81. a8Q Qb2+ 0-1

[Event "Rio de Janeiro zt 2.4"]
[Site "Rio de Janeiro"]
[Date "2011.06.20"]
[Round "3"]
[White "Ferreira, Alexander da Silva"]
[Black "Borda, Alan"]
[Result "0-1"]
[WhiteElo "1713"]
[BlackElo "2151"]
[PlyCount "38"]
[EventDate "2011.06.18"]
[EventType "swiss"]
[EventRounds "9"]
[EventCountry "BRA"]
[SourceTitle "CBM 143 Extra"]
[Source "ChessBase"]
[SourceDate "2011.08.29"]
[SourceVersion "1"]
[SourceVersionDate "2011.08.29"]
[SourceQuality "1"]

1. e4 c6 2. d4 d5 3. Nc3 dxe4 4. Nxe4 Nd7 5. Nf3 Ngf6 6. Nc3 e6 7. a3 Bd6 8. Be2 0-0 9. 0-0 h6 10. Bd3 Qc7 11. h3 b6 12. Ne2 c5 13. c3 Bb7 14. Qc2 c4 15. Bf5 exf5 16. Qxf5 Be4 17. Qb5 Bc2 18. d5 Ne5 19. Ned4 a6 0-1

[Event "Olympiad-39"]
[Site "Khanty-Mansiysk"]
[Date "2010.10.03"]
[Round "11.3"]
[White "Fernandes, Antonio ETG"]
[Black "Borda, Alan"]
[Result "1-0"]
[WhiteElo "2422"]
[BlackElo "2164"]
[PlyCount "69"]
[EventDate "2010.09.21"]
[EventType "team-swiss"]
[EventRounds "11"]
[EventCountry "RUS"]
[SourceTitle "CBM 139"]
[Source "ChessBase"]
[SourceDate "2010.11.18"]
[SourceVersion "1"]
[SourceVersionDate "2010.11.18"]
[SourceQuality "1"]
[WhiteTeam "Portugal"]
[BlackTeam "Bolivia"]
[WhiteTeamCountry "POR"]
[BlackTeamCountry "BOL"]

1. d4 d5 2. Bg5 Nd7 3. c4 c6 4. cxd5 cxd5 5. Nc3 Ngf6 6. Rc1 a6 7. Qa4 Rb8 8. Bf4 b5 9. Qb3 Rb7 10. Nxd5 Nxd5 11. Qxd5 Nb6 12. Qxd8+ Kxd8 13. Nf3 e6 14. Ne5 f6 15. Nc6+ Ke8 16. Na5 Bb4+ 17. Bd2 Bxd2+ 18. Kxd2 Rd7 19. e3 Kf7 20. Bd3 Re8 21. Be4 Rd6 22. Rc7+ Re7 23. Rhc1 f5 24. Bf3 Rxc7 25. Rxc7+ Kf8 26. Bb7 Bxb7 27. Nxb7 Rd5 28. Nc5 Nc4+ 29. Kc3 Rd6 30. Ra7 Nb6 31. Rxa6 Na4+ 32. Kc2 Rxa6 33. Nxa6 Ke7 34. Nc7 Nb6 35. Nxb5 1-0

[Event "Olympiad-39"]
[Site "Khanty-Mansiysk"]
[Date "2010.09.30"]
[Round "9.2"]
[White "Cossa, Pedro Ventura"]
[Black "Borda, Alan"]
[Result "0-1"]
[WhiteElo "2010"]
[BlackElo "2164"]
[PlyCount "112"]
[EventDate "2010.09.21"]
[EventType "team-swiss"]
[EventRounds "11"]
[EventCountry "RUS"]
[SourceTitle "CBM 139"]
[Source "ChessBase"]
[SourceDate "2010.11.18"]
[SourceVersion "1"]
[SourceVersionDate "2010.11.18"]
[SourceQuality "1"]
[WhiteTeam "Mozambique"]
[BlackTeam "Bolivia"]
[WhiteTeamCountry "MOZ"]
[BlackTeamCountry "BOL"]

1. f4 e5 2. d3 exf4 3. Bxf4 d5 4. Nf3 Nf6 5. e3 Be7 6. Be2 0-0 7. 0-0 c5 8. Nbd2 Nc6 9. h3 h6 10. Nh2 Bd6 11. Qe1 Bxf4 12. Rxf4 Ne5 13. Qg3 Ng6 14. Rf2 Re8 15. Nb3 Qe7 16. Nf1 b6 17. Re1 Ba6 18. a3 Rac8 19. h4 h5 20. Qg5 Qd7 21. Ng3 Re5 22. Nf5 Rce8 23. Bxh5 Bc8 24. Ref1 Nxh5 25. Qxh5 Qc7 26. Qg5 Bxf5 27. Rxf5 Rxf5 28. Rxf5 Re5 29. h5 Rxf5 30. Qxf5 Ne7 31. Qf4 Qd7 32. Nd2 Qe6 33. Nf3 f6 34. g4 Nc6 35. Kf2 Nd8 36. Qf5 Qd6 37. h6 Ne6 38. hxg7 Kxg7 39. Kg2 d4 40. exd4 Nxd4 41. Nxd4 Qxd4 42. g5 Qxb2 43. gxf6+ Qxf6 44. Qd7+ Qf7 45. Qxf7+ Kxf7 46. Kf3 Ke6 47. Ke4 b5 48. c3 a5 49. d4 Kd6 50. a4 b4 51. dxc5+ Kxc5 52. Kd3 b3 53. c4 Kb4 54. c5 Ka3 55. c6 b2 56. Kc4 b1Q 0-1

[Event "Olympiad-39"]
[Site "Khanty-Mansiysk"]
[Date "2010.09.27"]
[Round "6.4"]
[White "Borda, Alan"]
[Black "Jose Queralto, Daniel"]
[Result "1/2-1/2"]
[WhiteElo "2164"]
[BlackElo "2105"]
[PlyCount "158"]
[EventDate "2010.09.21"]
[EventType "team-swiss"]
[EventRounds "11"]
[EventCountry "RUS"]
[SourceTitle "CBM 139"]
[Source "ChessBase"]
[SourceDate "2010.11.18"]
[SourceVersion "1"]
[SourceVersionDate "2010.11.18"]
[SourceQuality "1"]
[WhiteTeam "Bolivia"]
[BlackTeam "Andorra"]
[WhiteTeamCountry "BOL"]
[BlackTeamCountry "AND"]

1. d4 d5 2. c4 dxc4 3. e4 e5 4. Nf3 exd4 5. Nxd4 Bc5 6. Be3 Nc6 7. Nxc6 Qxd1+ 8. Kxd1 Bxe3 9. fxe3 bxc6 10. Bxc4 Nf6 11. Nc3 Ng4 12. Kd2 0-0 13. Rae1 Re8 14. h3 Nf6 15. Rhf1 Be6 16. Bd3 Nd7 17. Kc2 Ne5 18. Be2 f6 19. Rd1 Bc4 20. b3 Bxe2 21. Nxe2 Nf7 22. Ng3 Nd6 23. Rd4 Re5 24. h4 Rae8 25. Kd3 Nb7 26. Rc1 Nc5+ 27. Ke2 f5 28. Rdc4 Nxe4 29. Nxe4 Rxe4 30. Rxe4 Rxe4 31. Rxc6 Rxh4 32. Rxc7 a5 33. Ra7 Re4 34. Rxa5 f4 35. Rb5 fxe3 36. a4 Rg4 37. a5 Rxg2+ 38. Kxe3 h5 39. Kf3 Rb2 40. a6 Ra2 41. Rb6 g5 42. Ke4 h4 43. Kf5 h3 44. Rh6 h2 45. Kxg5 Kg7 46. Rh3 Kf7 47. Kf5 Ke7 48. Ke5 Kd7 49. Kd5 Kc7 50. Kc5 Ra5+ 51. Kc4 Rxa6 52. Rxh2 Rg6 53. Rh5 Kb7 54. Kc5 Rc6+ 55. Kb5 Rb6+ 56. Ka4 Ra6+ 57. Kb4 Rg6 58. Rb5+ Ka7 59. Ka3 Ka6 60. Rb8 Ka7 61. Rh8 Kb7 62. b4 Kb6 63. Ka4 Kb7 64. Ka5 Ra6+ 65. Kb5 Rb6+ 66. Kc5 Rc6+ 67. Kd5 Rg6 68. Kc4 Rc6+ 69. Kb3 Rg6 70. Rh7+ Kb6 71. Ka4 Rf6 72. Rh5 Kb7 73. Rb5+ Ka7 74. Re5 Kb7 75. Ka5 Ra6+ 76. Kb5 Rb6+ 77. Kc5 Rc6+ 78. Kd5 Rg6 79. Kc4 Rh6 1/2-1/2

[Event "South American-ch U20"]
[Site "Buenos Aires"]
[Date "2007.02.06"]
[Round "1.7"]
[White "Di Berardino, Diego Rafael"]
[Black "Borda, Alan"]
[Result "1-0"]
[WhiteElo "2439"]
[BlackElo "2044"]
[PlyCount "49"]
[EventDate "2007.02.06"]
[EventType "swiss"]
[EventRounds "9"]
[EventCountry "ARG"]
[SourceTitle "CBM 116 Extra"]
[Source "ChessBase"]
[SourceDate "2007.03.07"]
[SourceVersion "1"]
[SourceVersionDate "2007.03.07"]
[SourceQuality "1"]

1. e4 c6 2. d4 d5 3. exd5 cxd5 4. c4 Nf6 5. Nc3 e6 6. Nf3 Be7 7. cxd5 exd5 8. Bd3 Nc6 9. h3 0-0 10. 0-0 Re8 11. Re1 h6 12. Bf4 a6 13. Rc1 Bb4 14. Rxe8+ Qxe8 15. Na4 Ba5 16. Qb3 b5 17. Nc5 Ne7 18. Qa3 Bb6 19. Re1 Bxc5 20. dxc5 Be6 21. Nd4 Qc8 22. c6 Ra7 23. Nxb5 Ra8 24. Nc7 Ra7 25. Qxe7 1-0

[Event "Lodi op"]
[Site "Lodi"]
[Date "2006.06.10"]
[Round "8"]
[White "Trumpf, Walter"]
[Black "Borda, Alan"]
[Result "0-1"]
[WhiteElo "2084"]
[BlackElo "2105"]
[PlyCount "72"]
[EventDate "2006.06.05"]
[EventType "swiss"]
[EventRounds "9"]
[EventCountry "ITA"]
[SourceTitle "CBM 112 Extra"]
[Source "ChessBase"]
[SourceDate "2006.07.14"]
[SourceVersion "1"]
[SourceVersionDate "2006.07.14"]
[SourceQuality "1"]

1. d4 d5 2. e4 e6 3. Nc3 Nf6 4. Bg5 Bb4 5. a3 Bxc3+ 6. bxc3 dxe4 7. f3 h6 8. Bh4 c5 9. Qd2 Nc6 10. Rd1 e3 11. Qd3 g5 12. Bg3 cxd4 13. cxd4 Qa5+ 14. c3 Nd5 15. Rc1 Qxa3 16. Ne2 Bd7 17. h4 Ncb4 18. Qb1 Na2 19. Qa1 Qb3 20. Rb1 Qc4 21. hxg5 0-0-0 22. Be5 Bc6 23. Rb2 Ndxc3 24. Rc2 Qd3 25. Rxa2 Nxa2 26. Qxa2 Ba4 27. Nc3 Qxc3+ 28. Ke2 Bb5+ 29. Kd1 Rxd4+ 30. Bxd4 Qxd4+ 31. Kc1 Qc3+ 32. Qc2 Qxc2+ 33. Kxc2 e2 34. Bxe2 Bxe2 35. Kd2 Bc4 36. Rxh6 Rg8 0-1

[Event "American Continental 03rd"]
[Site "Buenos Aires"]
[Date "2005.08.16"]
[Round "11"]
[White "Borda, Alan"]
[Black "Perez Wertheim, Rodolfo"]
[Result "0-1"]
[WhiteElo "2131"]
[BlackElo "1999"]
[PlyCount "36"]
[EventDate "2005.08.06"]
[EventType "swiss"]
[EventRounds "11"]
[EventCountry "ARG"]
[SourceTitle "CBM 107 Extra"]
[Source "ChessBase"]
[SourceDate "2005.09.01"]
[SourceVersion "1"]
[SourceVersionDate "2005.09.01"]
[SourceQuality "1"]

1. e4 e5 2. Nf3 Nc6 3. Bc4 Nf6 4. d4 exd4 5. 0-0 Bc5 6. e5 d5 7. exf6 dxc4 8. fxg7 Rg8 9. Re1+ Be6 10. Ng5 Qd5 11. Rxe6+ fxe6 12. Qh5+ Kd7 13. Qf7+ Be7 14. Nxh7 Qe5 15. g3 Rxg7 16. Qf3 Rxh7 17. Bf4 Qe1+ 18. Kg2 Rxh2+ 0-1

[Event "American Continental 03rd"]
[Site "Buenos Aires"]
[Date "2005.08.08"]
[Round "3"]
[White "Hungaski, Robert Andrew"]
[Black "Borda, Alan"]
[Result "1-0"]
[WhiteElo "2308"]
[BlackElo "2131"]
[PlyCount "53"]
[EventDate "2005.08.06"]
[EventType "swiss"]
[EventRounds "11"]
[EventCountry "ARG"]
[SourceTitle "CBM 107 Extra"]
[Source "ChessBase"]
[SourceDate "2005.09.01"]
[SourceVersion "1"]
[SourceVersionDate "2005.09.01"]
[SourceQuality "1"]

1. e4 e5 2. Nf3 Nc6 3. Bb5 Nd4 4. Nxd4 exd4 5. Bc4 Nf6 6. d3 d5 7. exd5 Nxd5 8. 0-0 Be7 9. Qe2 Be6 10. f4 Qd7 11. Re1 c6 12. Qe4 0-0-0 13. Qxd4 Bf6 14. Qxa7 Nb6 15. Bxe6 fxe6 16. c3 Kc7 17. Be3 Nc8 18. Qa5+ b6 19. Bxb6+ Nxb6 20. Qa7+ Kc8 21. Qxb6 g5 22. fxg5 Bxg5 23. Na3 Rhg8 24. Re4 Qd5 25. Qa6+ Kc7 26. Qa7+ Kc8 27. Nc4 1-0

[Event "American Continental 03rd"]
[Site "Buenos Aires"]
[Date "2005.08.06"]
[Round "1"]
[White "Real de Azua, Ernesto"]
[Black "Borda, Alan"]
[Result "1-0"]
[WhiteElo "2386"]
[BlackElo "2131"]
[PlyCount "77"]
[EventDate "2005.08.06"]
[EventType "swiss"]
[EventRounds "11"]
[EventCountry "ARG"]
[SourceTitle "CBM 107 Extra"]
[Source "ChessBase"]
[SourceDate "2005.09.01"]
[SourceVersion "1"]
[SourceVersionDate "2005.09.01"]
[SourceQuality "1"]

1. e4 e5 2. Nf3 d6 3. d4 Nd7 4. Bc4 c6 5. 0-0 Be7 6. dxe5 dxe5 7. Ng5 Bxg5 8. Qh5 Qf6 9. Bxg5 Qg6 10. Qxg6 hxg6 11. Nd2 Ngf6 12. f3 Nc5 13. Be3 Ne6 14. Rfd1 Bd7 15. Bf1 Nd4 16. Bxd4 exd4 17. Nb3 c5 18. Nxc5 Bc6 19. Nb3 Ke7 20. Nxd4 Bd7 21. c4 Rh6 22. c5 a6 23. Rac1 g5 24. c6 bxc6 25. Nxc6+ Ke8 26. Ne5 Be6 27. Bc4 g4 28. Bxe6 fxe6 29. Nxg4 Nxg4 30. fxg4 Rg6 31. h3 Rg5 32. Rc7 Rb8 33. b3 Rb4 34. Rdd7 Rxe4 35. Rxg7 Rxg7 36. Rxg7 Re2 37. a4 e5 38. Ra7 e4 39. Kf1 1-0

[Event "Pan American-ch U18"]
[Site "Bogota"]
[Date "2004.07.29"]
[Round "9"]
[White "Carvajal Gorgona, Jonathan G"]
[Black "Borda, Alan"]
[Result "1-0"]
[WhiteElo "2087"]
[BlackElo "2118"]
[PlyCount "61"]
[EventDate "2004.07.24"]
[EventType "swiss"]
[EventRounds "9"]
[EventCountry "COL"]
[SourceTitle "CBM 101 Extra"]
[Source "ChessBase"]
[SourceDate "2004.09.01"]
[SourceVersion "2"]
[SourceVersionDate "2004.09.01"]
[SourceQuality "1"]

1. e4 e5 2. Nf3 Nc6 3. d4 exd4 4. Bc4 Bc5 5. c3 Nf6 6. cxd4 Bb4+ 7. Bd2 Nxe4 8. Bxf7+ Kxf7 9. Qb3+ d5 10. Bxb4 Re8 11. 0-0 a5 12. Bc3 Kg8 13. Nbd2 Kh8 14. Rfe1 a4 15. Qb5 Bf5 16. Nxe4 Bxe4 17. Nd2 Bg6 18. Qxb7 Qd6 19. Rxe8+ Rxe8 20. Qa6 Qe6 21. Qxa4 Rf8 22. Bb4 Rb8 23. Bc3 Rf8 24. Qd1 Qf5 25. Qf3 Qc8 26. Qxd5 Ne7 27. Qc5 Qe6 28. Nf3 Be4 29. Ng5 Qg4 30. Nxe4 Qxe4 31. Qxc7 1-0

[Event "Santa Cruz op"]
[Site "Santa Cruz"]
[Date "2003.08.08"]
[Round "7"]
[White "Campero, Ronald"]
[Black "Borda, Alan"]
[Result "1-0"]
[WhiteElo "2176"]
[BlackElo "2130"]
[PlyCount "65"]
[EventDate "2003.08.05"]
[EventType "swiss"]
[EventRounds "9"]
[EventCountry "BOL"]
[SourceTitle "EXT 2004"]
[Source "ChessBase"]
[SourceDate "2003.11.25"]
[SourceVersion "1"]
[SourceVersionDate "2003.11.25"]
[SourceQuality "1"]

1. d4 d5 2. c4 e6 3. Nc3 Nf6 4. cxd5 exd5 5. Bg5 Nbd7 6. e3 c6 7. Qc2 Be7 8. Bd3 0-0 9. Nf3 Re8 10. 0-0 Nf8 11. h3 Ne4 12. Bf4 Nf6 13. Ne5 N6d7 14. Rad1 Nxe5 15. Bxe5 Bd6 16. f4 Bb4 17. f5 Bd6 18. Bxd6 Qxd6 19. Qf2 Nd7 20. e4 dxe4 21. Nxe4 Qf8 22. Qg3 Rd8 23. Bc4 Nb6 24. Bb3 Nd5 25. Rde1 Qb4 26. Bxd5 cxd5 27. Nf6+ Kh8 28. Qh4 h6 29. Nh5 Bd7 30. Re7 Bb5 31. Nxg7 Bxf1 32. Qxh6+ Kg8 33. Ne6 1-0

[Event "Pan American-ch U18"]
[Site "Bogota"]
[Date "2003.06.09"]
[Round "1"]
[White "Garcia, John Jaime"]
[Black "Borda, Alan"]
[Result "1-0"]
[WhiteElo "2063"]
[BlackElo "2211"]
[PlyCount "87"]
[EventDate "2003.06.07"]
[EventType "swiss"]
[EventRounds "9"]
[EventCountry "COL"]
[SourceTitle "EXT 2004"]
[Source "ChessBase"]
[SourceDate "2003.11.25"]
[SourceVersion "1"]
[SourceVersionDate "2003.11.25"]
[SourceQuality "1"]

1. e4 e5 2. Nf3 d6 3. d4 Nf6 4. Nc3 Nbd7 5. Bc4 Be7 6. 0-0 0-0 7. h3 c6 8. a4 Qc7 9. Re1 b6 10. Qe2 a6 11. dxe5 dxe5 12. Nh4 Nc5 13. Nf5 Be6 14. Bxe6 Nxe6 15. Be3 Bb4 16. Qf3 Nd7 17. Qg3 g6 18. Nh6+ Kg7 19. Rad1 Nf6 20. Nf5+ Kh8 21. Qh4 Ng8 22. Ng3 Be7 23. Qg4 Nf6 24. Qf3 Kg7 25. Nce2 Rfd8 26. Nf1 Rxd1 27. Rxd1 Rd8 28. Ra1 Bc5 29. Nh2 Rd7 30. Bh6+ Kg8 31. Qxf6 Be7 32. Qf3 Qd8 33. Ng4 Rd1+ 34. Rxd1 Qxd1+ 35. Kh2 Qd6 36. Nf6+ Bxf6 37. Qxf6 Qc5 38. Ng3 Qd6 39. h4 b5 40. axb5 cxb5 41. Qf3 Nd4 42. Qd3 Qc7 43. c3 Ne6 44. Qd5 1-0